| 000 | 01779nam a2200421 i 4500 | ||
|---|---|---|---|
| 001 | 193276 | ||
| 003 | SpMaBN | ||
| 005 | 20240827063040.0 | ||
| 007 | ta | ||
| 008 | 061211s2006 sp | ||| ||spa | ||
| 016 | 7 |
_abimoBNE20061124615 _2SpMaBN |
|
| 017 |
_aM 11541-2006 _bOficina Depósito Legal Madrid |
||
| 020 | _a8496582140 | ||
| 035 | _a(OCoLC)433657408 | ||
| 035 | _abimo0002148329 | ||
| 040 |
_aSpMaBN _bspa _cSpMaBN _erdc |
||
| 080 | _a821.134.2-2"19" | ||
| 100 | 1 |
_aAlmodóvar, Pedro, _d1949- _0XX4578342 _920157 _eaut |
|
| 245 | 1 | 0 |
_aVolver / _bguión cinematográfico de Pedro Almodóvar |
| 250 | _aPrimera edición en la Colección espiral: febrero 2006 | ||
| 260 |
_aMadrid : _bOcho y Medio, _c2006 |
||
| 300 |
_a200 páginas, [31] páginas de láminas (color) ; _c21 cm |
||
| 336 |
_2rdacontent _aTexto |
||
| 337 |
_2rdamedia _asin mediación |
||
| 338 |
_2rdacarrier _avolumen |
||
| 490 | 1 |
_aColección espiral ; _v72 |
|
| 500 | _aÍndice | ||
| 520 | _aGuion de Volver, película de Pedro Almodóvar con Penelope Cruz, Carmen Maura, Lola Dueñas, Blanca Portillo, Yohana Cobo y Chus Lampreave, magníficas actrices a las órdenes de un director inigualable nos relatan una historia donde los límites entre comedia y drama quedan difuminados. | ||
| 655 | 7 |
_aGuiones cinematográficos _2tgfbne _9234355 |
|
| 830 |
_9225822 _aColección espiral |
||
| 852 |
_aES-MaACL _bR. 154680 _cDEPOJ _9200707 _hDonación: Pedro Almodóvar _jN-9454 _xEncuadernación rústica |
||
| 903 |
_920157 _aAlmodóvar, Pedro, _d1949- _ednr |
||
| 942 |
_n0 _cMONOGRAFIA |
||
| 999 |
_c193276 _d193276 |
||